01500nab a22002537a 4500003000400000005001700004008004100021040000700062100002600069245008200095260007300177300001400250500002600264505056500290505008200855650001800937650002700955650002900982650001901011650001701030650001801047650003001065773015101095OSt20250211125449.0190429b xxu||||| |||| 00| 0 spa d cPJ aFavarotto, Ricardo S.13aEl derecho a oponerse a colaborar con la acusación /cRicardo S. Favarotto. cCiudad Autónoma de Buenos Aires :aThomson Reuters La Ley, b2025. ap. 93-125 aCita: AR/DOC/65/2025. aSumario: I. Aproximación.— II. Expresiones normativas del nemo tenetur se ipsum accusare.— III. Nadie deberá ser coaccionado a declarar contra sí...— IV. Las divergencias respecto de la amplitud del derecho.— V. Proyecciones sobre el derecho a la intimidad.— VI. Otras derivaciones del principio.— VII. El imputado, ¿sujeto activo o pasivo de prueba?— VIII. El principio de incoercibilidad frente a las inspecciones e intervenciones corporales del imputado.— IX. Jurisprudencia continental sobre la materia.— X. Extracto conclusivo.  tSi te interesa el texto completo, solicitalo a koha@justierradelfuego.gov.ar  0aDERECHO PENAL 0aDERECHO A LA INTIMIDAD 0aSITUACIÓN DEL IMPUTADO 0aDEBIDO PROCESO 0aCODIGO PENAL 0aPROCESO PENAL 0aDECLARACIÓN INDAGATORIA0 02658tRevista de derecho penal y criminología. Nº 1 - Febrero 2025dCiudad Autónoma de Buenos Aires : Thomson Reuters La Ley, 2017-x00347914